ESSENTIALS OF COMMUNITY MEDICINE (Record no. 93031)

MARC details
000 -LEADER
fixed length control field 00350nam a2200133Ia 4500
008 - FIXED-LENGTH DATA ELEMENTS--GENERAL INFORMATION
fixed length control field 220916s9999 xx 000 0 und d
020 ## - INTERNATIONAL STANDARD BOOK NUMBER
International Standard Book Number 9788173812651
100 ## - MAIN ENTRY--PERSONAL NAME
Personal name CHANDRA, SURESH
245 #0 - TITLE STATEMENT
Title ESSENTIALS OF COMMUNITY MEDICINE
260 ## - PUBLICATION, DISTRIBUTION, ETC.
Name of publisher, distributor, etc. NEW CENTRAL BOOK AGENCY (P.) LTD., DELHI
Date of publication, distribution, etc. 2013
300 ## - PHYSICAL DESCRIPTION
Extent 372
650 ## - SUBJECT ADDED ENTRY--TOPICAL TERM
Topical term or geographic name entry element Pharmacology
942 ## - ADDED ENTRY ELEMENTS (KOHA)
Koha item type Book
Holdings
Withdrawn status Lost status Damaged status Not for loan Home library Current library Shelving location Date acquired Cost, normal purchase price Total Checkouts Barcode Date last seen Price effective from Koha item type
        Mewar University Central Library Mewar University Central Library College of Pharmacy 02/07/2019 285.00   CPH1534 16/09/2022 02/07/2019 Book